| 000 | 00603nam a22002297a 4500 | ||
|---|---|---|---|
| 005 | 20231025185307.0 | ||
| 008 | 160128b2006 xxu||||| |||| 00| 0 spa d | ||
| 020 | _a9968314234 | ||
| 041 | _aESP | ||
| 082 | _a331.880.9 O48a | ||
| 100 |
_aOliva Medina, Mario _92498 |
||
| 245 | _aArtesanos y obreros costarricenses 1880-1914 | ||
| 260 |
_aCosta Rica _bEUNED _c2006 |
||
| 300 | _a272 páginas | ||
| 650 | _aCOSTA RICA | ||
| 650 | _aAGRUPACIONES OBRERAS | ||
| 650 | _aHISTORIA | ||
| 650 | _aTRABAJADORES | ||
| 650 | _aARTESANOS | ||
| 650 | _aHUELGAS | ||
| 942 |
_cBK _2ddc |
||
| 999 |
_c7580 _d7580 |
||